[Event "ROM-chT Rapid"]
[Site "Sebes"]
[Date "2022.12.03"]
[Round "8.32"]
[White "Dragut, Stefan Cristian"]
[Black "Topircean, Ioan"]
[Result "1/2-1/2"]
[WhiteElo "1217"]
[BlackElo "1290"]
[PlyCount "59"]
[EventDate "2022.12.03"]
[EventType "team-swiss (rapid)"]
[EventRounds "8"]
[EventCountry "ROU"]
[SourceTitle "CBM 211 Extra"]
[Source "ChessBase"]
[SourceDate "2023.01.31"]
[SourceVersion "1"]
[SourceVersionDate "2023.01.31"]
[SourceQuality "1"]
[WhiteTeam "Bucharest CCS 2"]
[BlackTeam "Cugir CSO II"]
[WhiteTeamCountry "ROU"]
[BlackTeamCountry "ROU"]

1. e4 e5 2. Nc3 c6 3. f4 d6 4. Nf3 Nf6 5. d3 Be7 6. fxe5 dxe5 7. Nxe5 Nbd7 8. Nxd7 Bxd7 9. g3 0-0 10. Bg2 Ng4 11. Bh3 Nf2 12. Kxf2 Bxh3 13. Be3 f5 14. Ke1 fxe4 15. Nxe4 Qd7 16. Nf2 Qe6 17. Nxh3 Qxe3+ 18. Qe2 Qc5 19. Nf4 Rxf4 20. gxf4 Re8 21. Kd1 Qd5 22. Rg1 Kf8 23. Qg4 Bf6 24. Qg2 Qd4 25. c3 Qxd3+ 26. Qd2 Qf3+ 27. Kc1 Re2 28. Qd6+ Be7 29. Qd4 Bf6 30. Qd6+ 1/2-1/2